[Event "Nybolig Erhverv IM Chess 2017"]
[Site "Fredericia"]
[Date "2017.05.24"]
[Round "1"]
[White "Andersson, Tommy"]
[Black "Ferrante, Marco"]
[Result "1-0"]
[WhiteElo "2408"]
[BlackElo "2259"]
[PlyCount "63"]
[EventDate "2017.??.??"]



1. d4 d5 2. Nf3 Nf6 3. g3 Bf5 4. Bg2 e6 5. O-O Nbd7 6. c4 c6 7. b3 a5 8. Nh4
Be4 9. f3 Bxb1 10. Rxb1 c5 11. e4 cxd4 12. exd5 Qb6 13. Bh3 Bb4 14. Bb2 g5 15.
Ng2 h5 16. Bxd4 Bc5 17. Bxc5 Qxc5+ 18. Kh1 g4 19. fxg4 hxg4 20. Bxg4 Ne4 21.
Qe1 Ndf6 22. Bf3 Ng5 23. Qc3 Rh6 24. Qd2 Nxf3 25. Rxf3 Ng4 26. Nh4 O-O-O 27.
Qf4 f5 28. dxe6 Qc6 29. e7 Rg8 30. Qxf5+ Kc7 31. Qd5 Qb6 32. Qxg8 1-0

[Event "Nybolig Erhverv IM Chess 2017"]
[Site "Fredericia"]
[Date "2017.05.24"]
[Round "1"]
[White "Ahlander, Bjorn"]
[Black "Fries Nielsen, Jens Ove"]
[Result "1/2-1/2"]
[WhiteElo "2425"]
[BlackElo "2351"]
[PlyCount "26"]
[EventDate "2017.??.??"]



1. d4 d6 2. c4 f5 3. Nf3 Nf6 4. g3 c6 5. Bg2 Qc7 6. Bf4 Nbd7 7. c5 Nd5 8. cxd6
exd6 9. Bd2 N7f6 10. O-O Be7 11. Nc3 O-O 12. Qc2 Qd8 13. Ng5 Kh8 1/2-1/2

[Event "Nybolig Erhverv IM Chess 2017"]
[Site "Fredericia"]
[Date "2017.05.24"]
[Round "1"]
[White "Rewitz, Poul"]
[Black "Bjerre, Jonas Buhl"]
[Result "1/2-1/2"]
[WhiteElo "2328"]
[BlackElo "2338"]
[PlyCount "72"]
[EventDate "2017.??.??"]



1. d4 Nf6 2. Bg5 g6 3. Nc3 d5 4. Qd2 h6 5. Bf4 Bg7 6. Nf3 c5 7. dxc5 Na6 8. e4
dxe4 9. Qxd8+ Kxd8 10. O-O-O+ Ke8 11. Bb5+ Bd7 12. Bxd7+ Nxd7 13. Nxe4 f5 14.
Ned2 Naxc5 15. Rhe1 Kf7 16. Nc4 g5 17. Be5 Nf6 18. Bd4 Rhc8 19. Nce5+ Ke8 20.
Ng6 Nce4 21. Nfe5 Rc7 22. f3 Nd6 23. Nd3 Kf7 24. Nge5+ Kg8 25. b3 f4 26. g4 Nd5
27. Kb2 Nb5 28. Bf2 Nbc3 29. Rd2 Rd8 30. a3 Nf6 31. Kc1 Nd7 32. Bxa7 Nxe5 33.
Nxe5 Na2+ 34. Kd1 Nc3+ 35. Kc1 Na2+ 36. Kd1 Nc3+ 1/2-1/2

[Event "Nybolig Erhverv IM Chess 2017"]
[Site "Fredericia"]
[Date "2017.05.24"]
[Round "1"]
[White "Jacobsen, Mikkel Manosri"]
[Black "Sylvan, Jacob"]
[Result "1-0"]
[WhiteElo "2187"]
[BlackElo "2384"]
[PlyCount "79"]
[EventDate "2017.??.??"]



1. d4 Nf6 2. c4 g6 3. Nf3 Bg7 4. Nc3 d6 5. Bg5 h6 6. Bh4 g5 7. Bg3 Nh5 8. e3 c5
9. d5 Nd7 10. Nd2 Nxg3 11. hxg3 Ne5 12. Be2 Qb6 13. Rb1 g4 14. Qc2 Bd7 15. a3
Qc7 16. e4 a6 17. Nf1 Rb8 18. a4 Qa5 19. Ne3 Bf6 20. Qd2 h5 21. f4 gxf3 22.
gxf3 Kd8 23. f4 Ng4 24. Bxg4 hxg4 25. Rxh8+ Bxh8 26. e5 Qb4 27. Qd3 Kc7 28. Nc2
Qa5 29. b4 cxb4 30. Nxb4 Qc5 31. Ke2 Re8 32. Ne4 Qa5 33. Qd4 Qxa4 34. Nd3 Kb8
35. Qb6 Bc8 36. Nd2 Ka8 37. Nb4 Bd7 38. Ne4 Bf5 39. Nc3 Qd7 40. Nc6 1-0

[Event "Nybolig Erhverv IM Chess 2017"]
[Site "Fredericia"]
[Date "2017.05.24"]
[Round "1"]
[White "Lauridsen, Jesper Morch"]
[Black "Grabarczyk, Miroslaw"]
[Result "1/2-1/2"]
[WhiteElo "2254"]
[BlackElo "2436"]
[PlyCount "42"]
[EventDate "2017.??.??"]



1. e4 e5 2. f4 exf4 3. Nf3 Nf6 4. e5 Nh5 5. Be2 d5 6. O-O Bg4 7. d4 Nc6 8. c3
g6 9. Ne1 Bxe2 10. Qxe2 Bg7 11. Nd3 O-O 12. Nxf4 Nxf4 13. Bxf4 Qd7 14. Nd2 Rae8
15. Rae1 Nd8 16. Nf3 Ne6 17. Be3 f6 18. exf6 Bxf6 19. Qd2 c6 20. Bh6 Ng7 21.
Bg5 Bxg5 1/2-1/2

[Event "Nybolig Erhverv IM Chess 2017"]
[Site "Fredericia"]
[Date "2017.05.28"]
[Round "2"]
[White "Andersson, Tommy"]
[Black "Ahlander, Bjorn"]
[Result "1-0"]
[WhiteElo "2408"]
[BlackElo "2425"]
[PlyCount "135"]
[EventDate "2017.??.??"]



1. d4 Nf6 2. c4 e6 3. Nf3 d5 4. Nc3 a6 5. a4 c5 6. e3 Nc6 7. Be2 cxd4 8. exd4
Be7 9. O-O dxc4 10. Bxc4 O-O 11. Bg5 b6 12. Qd2 Bb7 13. Rad1 Na5 14. Ba2 Ne4
15. Nxe4 Bxe4 16. Bxe7 Qxe7 17. Ne5 Qb7 18. d5 Bxd5 19. Bxd5 exd5 20. Qxd5 Rfe8
21. b4 Qxd5 22. Rxd5 Nb7 23. Nc4 Re6 24. Rd7 Rb8 25. Rfd1 g6 26. g3 a5 27. bxa5
Nxa5 28. Nd6 Rf6 29. Rb1 Nc6 30. Nc4 Nd8 31. Rxb6 Rfxb6 32. Nxb6 Rxb6 33. Rxd8+
Kg7 34. Rd1 Kf6 35. a5 Ra6 36. Ra1 Ke5 37. Kg2 Kd4 38. Kf3 Kc3 39. Rc1+ Kd4 40.
Rd1+ Kc4 41. Ra1 Kc3 42. g4 h6 43. h4 Kd4 44. Ra4+ Ke5 45. Ke3 Kd5 46. f4 f5
47. Kf3 h5 48. gxf5 gxf5 49. Ke3 Kc5 50. Kd3 Kd5 51. Ra1 Kc5 52. Kc3 Kd5 53.
Re1 Rc6+ 54. Kd3 Rf6 55. Re5+ Kc6 56. Kc4 Kc7 57. Rc5+ Kd6 58. Rb5 Rf8 59. Kd4
Rc8 60. Rxf5 Rc1 61. Rxh5 Ra1 62. Rh6+ Ke7 63. a6 Ra5 64. Rb6 Kf7 65. Kc4 Rf5
66. a7 Rxf4+ 67. Kb5 Rf5+ 68. Ka6 1-0

[Event "Nybolig Erhverv IM Chess 2017"]
[Site "Fredericia"]
[Date "2017.05.28"]
[Round "2"]
[White "Bjerre, Jonas Buhl"]
[Black "Jacobsen, Mikkel Manosri"]
[Result "0-1"]
[WhiteElo "2338"]
[BlackElo "2187"]
[PlyCount "66"]
[EventDate "2017.??.??"]



1. e4 c6 2. d4 d5 3. Nc3 dxe4 4. Nxe4 Bf5 5. Ng3 Bg6 6. N1e2 e6 7. Nf4 Qh4 8.
Nge2 Be4 9. Nc3 Bb4 10. Nd3 Bxd3 11. Qxd3 Ne7 12. a3 Ba5 13. b4 Bc7 14. Ne4 Nd7
15. Bg5 Qh5 16. Be2 Qg6 17. Bf3 f6 18. Bd2 Nf5 19. g3 O-O-O 20. c3 Ne5 21. Qe2
Rxd4 22. cxd4 Nxd4 23. Bh5 Qf5 24. g4 Nef3+ 25. Kd1 Qd5 26. Qd3 Ne5 27. Qe3 Nc4
28. Qc3 Nxd2 29. Kxd2 Bf4+ 30. Kd3 Nb5+ 31. Kc2 Nxc3 32. Nxc3 Qd2+ 33. Kb3 Be5
0-1

[Event "Nybolig Erhverv IM Chess 2017"]
[Site "Fredericia"]
[Date "2017.05.28"]
[Round "2"]
[White "Fries Nielsen, Jens Ove"]
[Black "Rewitz, Poul"]
[Result "1-0"]
[WhiteElo "2351"]
[BlackElo "2328"]
[PlyCount "47"]
[EventDate "2017.??.??"]



1. e4 g6 2. Bc4 Bg7 3. d3 c6 4. Nf3 d5 5. Bb3 dxe4 6. Ng5 Nh6 7. Nxe4 Na6 8.
O-O Nc7 9. Nbd2 O-O 10. Nc4 Nf5 11. c3 b6 12. d4 Nd5 13. Re1 Bb7 14. Qf3 Qc7
15. g4 Nd6 16. Ncxd6 exd6 17. Bxd5 cxd5 18. Nf6+ Kh8 19. Bg5 Qd8 20. Re3 Bc8
21. Nxh7 f6 22. Nxf8 Qxf8 23. Bf4 f5 24. g5 1-0

[Event "Nybolig Erhverv IM Chess 2017"]
[Site "Fredericia"]
[Date "2017.05.28"]
[Round "2"]
[White "Sylvan, Jacob"]
[Black "Lauridsen, Jesper Morch"]
[Result "1-0"]
[WhiteElo "2384"]
[BlackElo "2254"]
[PlyCount "69"]
[EventDate "2017.??.??"]



1. d4 d5 2. c4 e6 3. Nf3 Nf6 4. Nc3 Bb4 5. Bg5 Nbd7 6. cxd5 exd5 7. e3 c5 8.
Bd3 c4 9. Bf5 O-O 10. O-O Bxc3 11. bxc3 Qa5 12. Qc2 Re8 13. Nd2 b5 14. e4 h6
15. Bh4 dxe4 16. Nxe4 Qb6 17. a4 Bb7 18. Nxf6+ Nxf6 19. axb5 Qxb5 20. Rfb1 Qc6
21. f3 Re7 22. Qa4 g5 23. Bg3 Rae8 24. Qxc6 Bxc6 25. Ra6 Re6 26. Bxe6 Rxe6 27.
Rb8+ Kh7 28. Rd8 Bd7 29. Rxa7 Bc6 30. Be5 Nd5 31. g4 Ne7 32. Rh8+ Kg6 33. Rxe7
Rxe7 34. Rg8+ Kh7 35. Rg7+ 1-0

[Event "Nybolig Erhverv IM Chess 2017"]
[Site "Fredericia"]
[Date "2017.05.28"]
[Round "2"]
[White "Ferrante, Marco"]
[Black "Grabarczyk, Miroslaw"]
[Result "1/2-1/2"]
[WhiteElo "2259"]
[BlackElo "2436"]
[PlyCount "86"]
[EventDate "2017.??.??"]



1. e4 e5 2. Nf3 Nc6 3. d4 exd4 4. Bc4 Nf6 5. e5 d5 6. Bb5 Nd7 7. O-O Be7 8.
Bxc6 bxc6 9. Nxd4 Nb8 10. Nc3 O-O 11. Qf3 Kh8 12. Re1 Be6 13. Nce2 Bc5 14. Nf5
Nd7 15. Ned4 Bxd4 16. Nxd4 c5 17. Nxe6 fxe6 18. Qh3 Qe7 19. b3 Rf5 20. f4 Raf8
21. g3 c4 22. Be3 Qb4 23. g4 R5f7 24. f5 cxb3 25. axb3 Nxe5 26. Bxa7 c5 27. c3
Qf4 28. Rf1 Qxg4+ 29. Qxg4 Nxg4 30. fxe6 Rxf1+ 31. Rxf1 Re8 32. Bxc5 Nf6 33. e7
Kg8 34. Rf5 Kf7 35. Re5 Ra8 36. b4 Ke8 37. Bd4 Rb8 38. Re6 Rc8 39. Kg2 Ne4 40.
Bxg7 Nxc3 41. Bxc3 Rxc3 42. b5 d4 43. b6 d3 1/2-1/2

[Event "Nybolig Erhverv IM Chess 2017"]
[Site "Fredericia"]
[Date "2017.05.25"]
[Round "3"]
[White "Rewitz, Poul"]
[Black "Andersson, Tommy"]
[Result "0-1"]
[WhiteElo "2328"]
[BlackElo "2408"]
[PlyCount "134"]
[EventDate "2017.??.??"]



1. f4 d5 2. g3 c5 3. Bg2 Nc6 4. Nf3 g6 5. d3 Bg7 6. O-O Nf6 7. Nc3 d4 8. Na4
Nd7 9. c4 e6 10. a3 a5 11. Bd2 O-O 12. Qe1 Qe7 13. g4 Rb8 14. Ng5 h6 15. Ne4 f5
16. gxf5 exf5 17. Ng3 Qd6 18. Qf2 b6 19. Bd5+ Kh7 20. Qg2 Ne7 21. Bf3 b5 22.
cxb5 Rxb5 23. Rfc1 Nf6 24. b4 cxb4 25. Nb2 Nfd5 26. Nc4 Qe6 27. axb4 axb4 28.
Ra7 Nc3 29. h4 b3 30. Nb2 h5 31. e4 Rf7 32. e5 Qb6 33. Ra8 Be6 34. Kh2 Bh6 35.
Rca1 Na2 36. Rg1 Rg7 37. Ne2 Bd5 38. Re8 Bxf3 39. Qxf3 Qc6 40. Qxc6 Nxc6 41.
Rc8 Nxe5 42. Nxd4 Rd5 43. fxe5 Rxd4 44. Bg5 Bxg5 45. hxg5 Re7 46. Re1 Rd5 47.
Rb8 Rdxe5 48. Rxe5 Rxe5 49. Nc4 Rd5 50. Rxb3 f4 51. Rb7+ Kg8 52. Rb8+ Kf7 53.
d4 Rxg5 54. Ne5+ Ke6 55. Rb6+ Kf5 56. Nf3 Rg3 57. Nh4+ Kg5 58. Nxg6 Nc3 59. Ne5
Ne4 60. d5 Kf5 61. Nf7 Rd3 62. Nh6+ Kg5 63. Nf7+ Kh4 64. d6 Rd2+ 65. Kg1 Kg3
66. Rb1 f3 67. Ne5 Rg2+ 0-1

[Event "Nybolig Erhverv IM Chess 2017"]
[Site "Fredericia"]
[Date "2017.05.25"]
[Round "3"]
[White "Jacobsen, Mikkel Manosri"]
[Black "Fries Nielsen, Jens Ove"]
[Result "1/2-1/2"]
[WhiteElo "2187"]
[BlackElo "2351"]
[PlyCount "28"]
[EventDate "2017.??.??"]



1. d4 c5 2. c3 e6 3. Nf3 Nf6 4. g3 b6 5. Bg2 Bb7 6. O-O Be7 7. Bg5 O-O 8. Nbd2
h6 9. Bxf6 Bxf6 10. dxc5 bxc5 11. e4 Qc7 12. Re1 d6 13. Qc2 Nd7 14. Nc4 Rad8
1/2-1/2

[Event "Nybolig Erhverv IM Chess 2017"]
[Site "Fredericia"]
[Date "2017.05.25"]
[Round "3"]
[White "Grabarczyk, Miroslaw"]
[Black "Sylvan, Jacob"]
[Result "1/2-1/2"]
[WhiteElo "2436"]
[BlackElo "2384"]
[PlyCount "85"]
[EventDate "2017.??.??"]



1. d4 d5 2. c4 e6 3. Nf3 Nf6 4. g3 dxc4 5. Qa4+ Nbd7 6. Bg2 a6 7. Nc3 Be7 8.
Qxc4 b5 9. Qd3 Bb7 10. O-O c5 11. dxc5 Bxc5 12. Be3 O-O 13. Bxc5 Nxc5 14. Qe3
Qe7 15. Rac1 Rac8 16. Rfd1 b4 17. Nb1 a5 18. Ne5 Bxg2 19. Kxg2 Qb7+ 20. Qf3 Qa6
21. Nd2 h6 22. Ndc4 Ncd7 23. Nxd7 Nxd7 24. b3 Nf6 25. e4 a4 26. Qe3 Rc6 27. Rd2
axb3 28. axb3 Qa8 29. f3 Ra6 30. Rcc2 Ra1 31. Ne5 Qa3 32. Nc4 Qa8 33. Qd4 Rb1
34. Ra2 Qb8 35. Rd3 Kh7 36. Ra6 Rc8 37. Ra4 Rc7 38. Qd6 Qc8 39. Qxb4 Rd7 40.
Qc3 Qc5 41. Re3 Rdd1 42. Ra5 Qc8 43. e5 1/2-1/2

[Event "Nybolig Erhverv IM Chess 2017"]
[Site "Fredericia"]
[Date "2017.05.25"]
[Round "3"]
[White "Lauridsen, Jesper Morch"]
[Black "Bjerre, Jonas Buhl"]
[Result "1/2-1/2"]
[WhiteElo "2254"]
[BlackElo "2338"]
[PlyCount "41"]
[EventDate "2017.??.??"]



1. e4 c5 2. c3 Nf6 3. e5 Nd5 4. d4 cxd4 5. Nf3 e6 6. cxd4 d6 7. Bc4 Nc6 8. O-O
Be7 9. Re1 O-O 10. a3 Bd7 11. Bd2 Qb6 12. Nc3 Nxc3 13. Bxc3 Rac8 14. exd6 Bxd6
15. Bd3 h6 16. Bc2 Ne7 17. Qd3 Ng6 18. Nh4 Bb5 19. Qe4 Bc6 20. Qd3 Bb5 21. Qe4
1/2-1/2

[Event "Nybolig Erhverv IM Chess 2017"]
[Site "Fredericia"]
[Date "2017.05.25"]
[Round "3"]
[White "Ahlander, Bjorn"]
[Black "Ferrante, Marco"]
[Result "1/2-1/2"]
[WhiteElo "2425"]
[BlackElo "2259"]
[PlyCount "127"]
[EventDate "2017.??.??"]



1. d4 d5 2. c4 c6 3. Nf3 Nf6 4. Nc3 e6 5. Bg5 dxc4 6. e4 b5 7. e5 h6 8. Bh4 g5
9. Nxg5 hxg5 10. Bxg5 Nbd7 11. exf6 Bb7 12. g3 c5 13. d5 Bh6 14. Bxh6 Rxh6 15.
Bg2 b4 16. Ne4 Nxf6 17. Qe2 Nxe4 18. Bxe4 Kf8 19. Qe3 Kg7 20. d6 Bd5 21. O-O-O
Rh5 22. Bxd5 exd5 23. Qxc5 c3 24. Rxd5 Rxd5 25. Qxd5 Qf6 26. f4 cxb2+ 27. Kb1
Qc3 28. Qe5+ f6 29. Qxc3 bxc3 30. Kc2 Rd8 31. Rd1 f5 32. Kxc3 Rxd6 33. Rb1 Rc6+
34. Kxb2 Rh6 35. h4 Rg6 36. Rg1 Kh6 37. Kc3 Ra6 38. Rg2 Kh5 39. Kd4 Ra5 40. Kc4
Kg4 41. Kb4 Ra6 42. Kb5 Rb6+ 43. Kc5 Kf3 44. Rg1 Kf2 45. Rd1 Kxg3 46. Rf1 Kg2
47. Rd1 Kg3 48. Rd7 Ra6 49. h5 Kxf4 50. h6 Rxh6 51. Rxa7 Ke4 52. Re7+ Kf3 53.
a4 f4 54. a5 Rh5+ 55. Kb6 Kg2 56. Rg7+ Kh2 57. Rf7 Kg3 58. a6 Rh6+ 59. Kb7 Rxa6
60. Kxa6 f3 61. Kb5 f2 62. Kc4 Kg2 63. Rxf2+ Kxf2 64. Kd5 1/2-1/2

[Event "Nybolig Erhverv IM Chess 2017"]
[Site "Fredericia"]
[Date "2017.05.26"]
[Round "4"]
[White "Andersson, Tommy"]
[Black "Jacobsen, Mikkel Manosri"]
[Result "1/2-1/2"]
[WhiteElo "2408"]
[BlackElo "2187"]
[PlyCount "32"]
[EventDate "2017.??.??"]



1. d4 Nf6 2. c4 e6 3. Nf3 b6 4. g3 Ba6 5. Qa4 Bb7 6. Bg2 c5 7. dxc5 bxc5 8. O-O
Be7 9. Rd1 O-O 10. Nc3 Qb6 11. Bf4 Rd8 12. Qb5 d6 13. Ng5 Bxg2 14. Kxg2 Qxb5
15. Nxb5 h6 16. Nf3 Ne8 1/2-1/2

[Event "Nybolig Erhverv IM Chess 2017"]
[Site "Fredericia"]
[Date "2017.05.26"]
[Round "4"]
[White "Fries Nielsen, Jens Ove"]
[Black "Lauridsen, Jesper Morch"]
[Result "1-0"]
[WhiteElo "2351"]
[BlackElo "2254"]
[PlyCount "49"]
[EventDate "2017.??.??"]



1. e4 c5 2. Nf3 Nc6 3. Bb5 d6 4. O-O Bd7 5. Re1 Nf6 6. c3 a6 7. Bf1 Bg4 8. d3
e6 9. Nbd2 Be7 10. h3 Bh5 11. a3 O-O 12. g4 Bg6 13. Nh4 Nd7 14. Ng2 f5 15. Nf4
Bh4 16. Nf3 Bxf2+ 17. Kxf2 fxg4 18. hxg4 Nde5 19. Bg2 Nxg4+ 20. Kg3 Nge5 21.
Nxe6 Qd7 22. Nxf8 Qg4+ 23. Kh2 Bh5 24. Nxh7 Ng6 25. Bh3 1-0

[Event "Nybolig Erhverv IM Chess 2017"]
[Site "Fredericia"]
[Date "2017.05.26"]
[Round "4"]
[White "Bjerre, Jonas Buhl"]
[Black "Grabarczyk, Miroslaw"]
[Result "1/2-1/2"]
[WhiteElo "2338"]
[BlackElo "2436"]
[PlyCount "133"]
[EventDate "2017.??.??"]



1. e4 e5 2. Nf3 Nf6 3. Nxe5 d6 4. Nf3 Nxe4 5. d4 d5 6. Bd3 Nd6 7. O-O Be7 8.
Re1 O-O 9. Bf4 Re8 10. Nc3 c6 11. Ne2 Nd7 12. Ng3 Nf8 13. c3 Ne6 14. Bd2 g6 15.
Ne5 Ng7 16. Qf3 Bg5 17. Bf4 Qf6 18. Bxg5 Qxg5 19. Qe3 Qxe3 20. Rxe3 f6 21. Nf3
Rxe3 22. fxe3 Ngf5 23. Nxf5 Bxf5 24. Bxf5 Nxf5 25. Re1 Re8 26. Kf2 Nd6 27. Nd2
Kf7 28. Ke2 Ne4 29. Nxe4 Rxe4 30. Rf1 g5 31. Kf3 f5 32. g3 h5 33. Rh1 h4 34.
Rc1 Ke6 35. Rg1 Kf6 36. Rc1 b6 37. Rg1 Kg6 38. Rg2 Kf6 39. Rg1 Rg4 40. Rd1 Ke6
41. Rg1 h3 42. Rc1 Re4 43. Rg1 Rg4 44. Rc1 c5 45. b4 Re4 46. Rd1 Kd6 47. a4 Ke6
48. Rd2 Kd6 49. Rd1 Kc6 50. Rd2 cxb4 51. cxb4 Kd6 52. b5 Ke6 53. Re2 Kf6 54.
Rc2 f4 55. Rc6+ Ke7 56. gxf4 gxf4 57. exf4 Rxd4 58. Rc7+ Kf6 59. Rxa7 Kf5 60.
Rf7+ Ke6 61. Rh7 Rxa4 62. Rxh3 Rb4 63. Rh6+ Kf5 64. Rh5+ Ke6 65. Rh6+ Kf5 66.
Rh5+ Ke6 67. Re5+ 1/2-1/2

[Event "Nybolig Erhverv IM Chess 2017"]
[Site "Fredericia"]
[Date "2017.05.26"]
[Round "4"]
[White "Ferrante, Marco"]
[Black "Sylvan, Jacob"]
[Result "1/2-1/2"]
[WhiteElo "2259"]
[BlackElo "2384"]
[PlyCount "101"]
[EventDate "2017.??.??"]



1. e4 c5 2. Nf3 e6 3. d4 cxd4 4. Nxd4 Nc6 5. Nc3 Qc7 6. Be3 a6 7. Qd2 Nf6 8. f3
Bb4 9. O-O-O Ne5 10. Nb3 b5 11. Qf2 Nc4 12. Bxc4 bxc4 13. Bb6 Qf4+ 14. Nd2 O-O
15. g3 Qb8 16. Bc5 Bxc5 17. Qxc5 d5 18. exd5 exd5 19. Nxd5 Nxd5 20. Qxd5 c3 21.
bxc3 Be6 22. Qa5 Qb7 23. Rhf1 Rab8 24. Nb3 Qc6 25. Qc5 Qa4 26. Kb2 Rfc8 27. Qd4
Qb5 28. Rfe1 h6 29. Re5 Qb7 30. f4 Qc7 31. Rd3 a5 32. Kc1 a4 33. Qxa4 Ra8 34.
Qb4 Qa7 35. Rc5 Rxc5 36. Qxc5 Qxa2 37. c4 Qa4 38. Qb5 Qa3+ 39. Kd2 Rc8 40. Rd4
Qa8 41. Kc1 g6 42. Kb2 Qg2 43. Rd2 Qg1 44. Qb7 Rxc4 45. Rd8+ Kh7 46. Qb8 Qf2
47. Rh8+ Kg7 48. Rg8+ Kh7 49. Rh8+ Kg7 50. Rg8+ Kh7 51. Rh8+ 1/2-1/2

[Event "Nybolig Erhverv IM Chess 2017"]
[Site "Fredericia"]
[Date "2017.05.26"]
[Round "4"]
[White "Ahlander, Bjorn"]
[Black "Rewitz, Poul"]
[Result "1-0"]
[WhiteElo "2425"]
[BlackElo "2328"]
[PlyCount "47"]
[EventDate "2017.??.??"]



1. d4 g6 2. c4 Bg7 3. Nf3 f5 4. g3 Nf6 5. Bg2 d6 6. O-O O-O 7. Nc3 Nc6 8. d5
Ne5 9. Nxe5 dxe5 10. Qb3 e4 11. c5 Kh8 12. Rd1 b6 13. f3 exf3 14. Bxf3 Rb8 15.
Bf4 e5 16. Bxe5 Qe7 17. Bd4 bxc5 18. Qa3 Rb4 19. Bf2 a5 20. Qxa5 Nd7 21. d6 Qe5
22. dxc7 Rxb2 23. Rac1 Rb6 24. Rxd7 1-0

[Event "Nybolig Erhverv IM Chess 2017"]
[Site "Fredericia"]
[Date "2017.05.26"]
[Round "5"]
[White "Lauridsen, Jesper Morch"]
[Black "Andersson, Tommy"]
[Result "1/2-1/2"]
[WhiteElo "2254"]
[BlackElo "2408"]
[PlyCount "69"]
[EventDate "2017.??.??"]



1. e4 c5 2. d4 cxd4 3. c3 Nf6 4. e5 Nd5 5. Nf3 e6 6. cxd4 d6 7. Bd3 Nb4 8. O-O
Nxd3 9. Qxd3 dxe5 10. Nxe5 Be7 11. Qg3 O-O 12. Bh6 Bf6 13. Nc3 Kh8 14. Bf4 Nc6
15. Rad1 Ne7 16. Ne4 Nf5 17. Qh3 b6 18. g4 Bb7 19. Nxf6 gxf6 20. gxf5 Qd5 21.
f3 fxe5 22. dxe5 Rg8+ 23. Kh1 Qc6 24. Rc1 Qd5 25. fxe6 Qxe6 26. Qxe6 fxe6 27.
Rc7 Bd5 28. h4 Rac8 29. Rxa7 Rc2 30. Bg5 Rg6 31. Rd7 h6 32. Bf6+ Kg8 33. Rd8+
Kf7 34. Rd7+ Kf8 35. Rd8+ 1/2-1/2

[Event "Nybolig Erhverv IM Chess 2017"]
[Site "Fredericia"]
[Date "2017.05.26"]
[Round "5"]
[White "Jacobsen, Mikkel Manosri"]
[Black "Ahlander, Bjorn"]
[Result "0-1"]
[WhiteElo "2187"]
[BlackElo "2425"]
[PlyCount "50"]
[EventDate "2017.??.??"]



1. d4 Nf6 2. c4 e6 3. Nf3 d5 4. Nc3 a6 5. cxd5 exd5 6. Bg5 Be6 7. e3 Nbd7 8.
Bd3 h6 9. Bf4 g5 10. Bg3 Nh5 11. Be5 Ng7 12. Qb3 g4 13. Bxg7 Bxg7 14. Ng1 c5
15. Qxb7 cxd4 16. exd4 Bxd4 17. Nge2 Nc5 18. Qc6+ Kf8 19. Nxd4 Rc8 20. Qxc8
Nxd3+ 21. Kd2 Qxc8 22. Kxd3 Qc4+ 23. Ke3 Kg7 24. Nce2 Re8 25. Kd2 Qb4+ 0-1

[Event "Nybolig Erhverv IM Chess 2017"]
[Site "Fredericia"]
[Date "2017.05.26"]
[Round "5"]
[White "Grabarczyk, Miroslaw"]
[Black "Fries Nielsen, Jens Ove"]
[Result "1/2-1/2"]
[WhiteElo "2436"]
[BlackElo "2351"]
[PlyCount "27"]
[EventDate "2017.??.??"]



1. d4 Nf6 2. c4 e6 3. Nf3 d5 4. g3 g6 5. Bg2 Bg7 6. O-O O-O 7. Nc3 Nc6 8. cxd5
exd5 9. Ne5 Ne7 10. Bg5 c6 11. Qd2 Nf5 12. g4 Nd6 13. h3 Qe8 14. Qf4 1/2-1/2

[Event "Nybolig Erhverv IM Chess 2017"]
[Site "Fredericia"]
[Date "2017.05.26"]
[Round "5"]
[White "Rewitz, Poul"]
[Black "Ferrante, Marco"]
[Result "1-0"]
[WhiteElo "2328"]
[BlackElo "2259"]
[PlyCount "93"]
[EventDate "2017.??.??"]



1. g3 d5 2. Bg2 c6 3. f4 h5 4. Nf3 Bg4 5. h3 Bxf3 6. Bxf3 Nd7 7. c4 dxc4 8. Qc2
h4 9. g4 Nb6 10. a4 a5 11. f5 Qd6 12. b3 cxb3 13. Qxb3 Qb4 14. Qc2 Nf6 15. Nc3
Qd6 16. Rb1 Ra6 17. Rb3 e6 18. fxe6 Qg3+ 19. Kd1 fxe6 20. Ne4 Qf4 21. Nxf6+
gxf6 22. Bxc6+ bxc6 23. Qxc6+ Nd7 24. Qxa6 Qxa4 25. Qxe6+ Kd8 26. Ke1 Qa1 27.
Kf2 Bc5+ 28. Kg2 Re8 29. Qc4 Qe5 30. Rf1 Bd6 31. Rh1 Qxe2+ 32. Qxe2 Rxe2+ 33.
Kf3 Re6 34. d4 Bc7 35. Bf4 Nb6 36. Bxc7+ Kxc7 37. Rc1+ Kd7 38. Rc5 a4 39. Rbb5
Rd6 40. d5 Ke7 41. Ke4 Nd7 42. Rc6 a3 43. Ra5 a2 44. Rxa2 f5+ 45. Kd4 Rxc6 46.
dxc6 Nf6 47. Ke5 1-0

[Event "Nybolig Erhverv IM Chess 2017"]
[Site "Fredericia"]
[Date "2017.05.27"]
[Round "6"]
[White "Andersson, Tommy"]
[Black "Grabarczyk, Miroslaw"]
[Result "1/2-1/2"]
[WhiteElo "2408"]
[BlackElo "2436"]
[PlyCount "21"]
[EventDate "2017.??.??"]



1. d4 d5 2. c4 e6 3. Nc3 Nf6 4. Nf3 Be7 5. Bf4 O-O 6. e3 Nbd7 7. a3 c5 8. cxd5
Nxd5 9. Nxd5 exd5 10. dxc5 Nxc5 11. Be5 1/2-1/2

[Event "Nybolig Erhverv IM Chess 2017"]
[Site "Fredericia"]
[Date "2017.05.27"]
[Round "6"]
[White "Fries Nielsen, Jens Ove"]
[Black "Sylvan, Jacob"]
[Result "1/2-1/2"]
[WhiteElo "2351"]
[BlackElo "2384"]
[PlyCount "43"]
[EventDate "2017.??.??"]



1. e4 e5 2. Nf3 Nc6 3. d3 Nf6 4. Be2 d5 5. Nbd2 Be7 6. O-O O-O 7. c3 a5 8. b3
h6 9. a3 Re8 10. Bb2 Bf8 11. b4 Bg4 12. Re1 axb4 13. axb4 dxe4 14. dxe4 Bd6 15.
Rxa8 Qxa8 16. Qc2 Ne7 17. Nc4 Ng6 18. g3 Bf8 19. Ne3 Bh3 20. Bc4 Rd8 21. Qb3
Rd7 22. Qc2 1/2-1/2

[Event "Nybolig Erhverv IM Chess 2017"]
[Site "Fredericia"]
[Date "2017.05.27"]
[Round "6"]
[White "Rewitz, Poul"]
[Black "Jacobsen, Mikkel Manosri"]
[Result "1-0"]
[WhiteElo "2328"]
[BlackElo "2187"]
[PlyCount "87"]
[EventDate "2017.??.??"]



1. g3 g6 2. Bg2 Bg7 3. f4 c5 4. Nf3 Nc6 5. O-O Nf6 6. d3 O-O 7. c3 Qc7 8. Na3
d6 9. Nh4 Rb8 10. f5 b5 11. Bd2 b4 12. Nc4 Ba6 13. Ne3 bxc3 14. bxc3 Rb2 15.
Qc1 Rfb8 16. Nd1 R2b6 17. Bh6 Ne5 18. Qg5 Bxh6 19. Qxh6 Qc8 20. Ne3 Qf8 21. Qf4
Qg7 22. fxg6 hxg6 23. Qa4 Qh6 24. Rf4 Bc8 25. Raf1 Bd7 26. Qxa7 Nh5 27. Nd5
Nxf4 28. Nxb6 Nxe2+ 29. Kh1 Rxb6 30. Qxb6 g5 31. Qd8+ Kg7 32. Qxe7 gxh4 33.
gxh4 Nxc3 34. Bf3 Nxf3 35. Qxd7 Qg6 36. Rxf3 Ne2 37. Rf1 c4 38. h5 Qxh5 39.
Qxd6 c3 40. Qf6+ Kg8 41. Rf2 Qd5+ 42. Rg2+ Kf8 43. Qh6+ Ke7 44. Qe3+ 1-0

[Event "Nybolig Erhverv IM Chess 2017"]
[Site "Fredericia"]
[Date "2017.05.27"]
[Round "6"]
[White "Ahlander, Bjorn"]
[Black "Lauridsen, Jesper Morch"]
[Result "1-0"]
[WhiteElo "2425"]
[BlackElo "2254"]
[PlyCount "111"]
[EventDate "2017.??.??"]



1. d4 d5 2. c4 e6 3. Nc3 c5 4. cxd5 cxd4 5. Qa4+ Bd7 6. Qxd4 exd5 7. Qxd5 Nf6
8. Qd1 Bc5 9. Nf3 O-O 10. e3 Nc6 11. Be2 Qe7 12. O-O Rfd8 13. a3 a5 14. Qc2
Rac8 15. Bd2 Ne5 16. Nd4 Nc6 17. Nxc6 Bxc6 18. Rad1 Ba7 19. Qf5 Bb8 20. Bc1 Re8
21. Qxa5 b5 22. Qb4 Qe5 23. f4 Qf5 24. Bxb5 Ba7 25. Bxc6 Rxc6 26. Qb7 Qc5 27.
Na4 Qc4 28. Qxa7 Ra6 29. Qd4 Rxa4 30. b4 Qe2 31. Rfe1 Qc2 32. e4 Raa8 33. e5
Ng4 34. h3 Nh6 35. Qd3 Qc6 36. f5 Rac8 37. b5 Qc5+ 38. Be3 Qe7 39. f6 Qf8 40.
Bxh6 gxh6 41. Kh1 Kh8 42. a4 Qb4 43. Re4 Qb2 44. Qd2 Rc2 45. Qd8 Rc8 46. Qd4
Qa2 47. e6 Rg8 48. Rg1 Rcd8 49. Qc4 Qf2 50. exf7 Rgf8 51. Qe6 Qc5 52. Rge1 Qc7
53. Qe7 Qa5 54. Qxf8+ Rxf8 55. Re8 Qb4 56. Rxf8+ 1-0

[Event "Nybolig Erhverv IM Chess 2017"]
[Site "Fredericia"]
[Date "2017.05.27"]
[Round "6"]
[White "Ferrante, Marco"]
[Black "Bjerre, Jonas Buhl"]
[Result "1/2-1/2"]
[WhiteElo "2259"]
[BlackElo "2338"]
[PlyCount "63"]
[EventDate "2017.??.??"]



1. e4 c5 2. Nf3 Nc6 3. d4 cxd4 4. Nxd4 e6 5. Nc3 Qc7 6. Be3 a6 7. Bd3 b5 8.
Nxc6 Qxc6 9. e5 f5 10. Be2 Bb7 11. Bh5+ g6 12. Bf3 Qc7 13. Bxb7 Qxb7 14. O-O
Nh6 15. Re1 Nf7 16. a4 b4 17. Na2 Be7 18. Bd4 O-O 19. c3 bxc3 20. Nxc3 Nd8 21.
f3 Nc6 22. f4 Rfe8 23. Bf2 Red8 24. Rb1 Qb4 25. Qf3 Nd4 26. Qd3 Nb3 27. Rbd1
Rab8 28. Qxa6 Nc5 29. Qe2 Nxa4 30. Nxa4 Qxa4 31. g3 Qb3 32. Bd4 1/2-1/2